Cyclisme : Top 20 du Contre la Montre des Jeux Olympiques 2024 - Statistiques

Statistiques générales
  • Ce quiz a été pris 43 fois
  • Le résultat moyen est 11 sur 20
Statistiques - réponses
Position Pays Représenté Coureur % Correct
2eme Italie Filippo Ganna
97%
1er Belgique Remco Evenepoel
97%
8eme Suisse Stefan Kung
95%
3eme Belgique Wout Van Aert
95%
4eme Royaume-Uni Joshua Tarling
87%
6eme Suisse Stefan Bisseger
74%
5eme USA Brandon McNulty
67%
7eme Portugal Nelson Oliveira
67%
15eme France Kevin Vauquelin
62%
20eme Canada Derek Gee
59%
11eme République Tchèque Mathias Vacek
51%
10eme Danemark Mikkel Bjerg
44%
14eme Danemark Mattias Skjelmose
38%
16eme USA Magnus Scheffield
36%
17eme Pays Bas Daan Hoole
33%
13eme Norvège Tobias Foss
33%
9eme Allemagne Maximiliam Schachmann
31%
12eme Irlande Ryan Mullen
31%
18eme Italie Alberto Bettiol
18%
19eme Autriche Felix Großschartner
18%
Aucun quiz correspondant
Distribution des résultats
% des personnes avec chaque résultat
Percentile par nombre de réponses
Votre historique - résultats
Vous n’avez pas pris ce quiz